European Capitals Without First or Last Letters Quiz #1 - Statistics

General Stats
  • This quiz has been taken 57 times
  • The average score is 13 of 15
Answer Stats
European Capitals Without First or Last Letters Full European Capitals (and Countries) % Correct
uchares Bucharest (Romania)
98%
eykjavi Reykjavik (Iceland)
98%
ienn Vienna (Austria)
98%
ratislav Bratislava (Slovakia)
96%
udapes Budapest (Hungary)
96%
ubli Dublin (Ireland)
92%
adri Madrid (Spain)
92%
ig Riga (Latvia)
92%
ragu Prague (Czech Republic)
90%
allett Valletta (Malta)
90%
odgoric Podgorica (Montenegro)
86%
isbo Lisbon (Portugal)
82%
ndorr * ell Andorra la Vella (Andorra)
78%
ie Kiev (Ukraine)
78%
ari Paris (France)
76%
No matching quizzes found
Score Distribution
Percent of People with Each Score
Percentile by Number Answered
Your Score History
You have not taken this quiz